| 000 | 00413nam a2200181Ia 4500 | ||
|---|---|---|---|
| 005 | 20250423094657.0 | ||
| 008 | 250422s9999 xx 000 0 und d | ||
| 020 | _a9753150334 | ||
| 050 | _aBP 63 .T8 G851/ | ||
| 100 | _aGülen, M. Fethullah | ||
| 245 | 0 | _aÇağ ve nesil 1 | |
| 260 | _aİstanbul | ||
| 260 | _bNil | ||
| 260 | _c2006 | ||
| 300 | _a206 p | ||
| 650 | _aİslam Sufism Tasavvuf | ||
| 942 | _cBK | ||
| 999 |
_c27961 _d27961 |
||